grandson Song Quiz - Despicable - Statistics

General Stats
  • This quiz has been taken 27 times
  • The average score is 5 of 17
Answer Stats
Beginning Finish % Correct
The goodbye is the hardest part… When we find ourselves back at the start
78%
Despicable… I’m just a bottom feeder
65%
One day you will understand… Why I pushed you away as I ran
43%
The boy who fell into the sky… Had no one there to watch him cry
39%
But I’m not so brave and I’m not so smart, no… I’m doing you a favor, doing you a favor
39%
And you will find a better man, than I am, trust… I’m doing you a favor, doing you a favor
39%
I’m Despicable… I ain’t never been a keeper
35%
Despicable… I’m just a bottom feeder
35%
I’m despicable… I ain’t never been a keeper
26%
But his blood ram cold and his skin went pale… She got a letter in the mail
26%
He looked at you with his empty eyes… And said, I’m doing you a favor, doing you a favor
22%
And if I were you I wouldn’t love me neither… Said if I were you, I wouldn’t love me neither
22%
Said, I’m doing you a favor, doing you a favor… Said if I were you, I wouldn’t love me neither
17%
I’m despicable… Love her then I leave her
13%
And if I were you, I wouldn’t love me neither… And if I were you, I wouldn’t love me neither
4%
How I wish I told a different tale… Why we chase the light and his love prevailed
4%
I’m Despicable… Love them I leave her
0%
No matching quizzes found
Score Distribution
Percent of People with Each Score
Percentile by Number Answered
Your Score History
You have not taken this quiz